000 00566nam a2200205Ia 4500
003 OSt
005 20230324125309.0
008 210423s2005 xx 000 0 und d
020 _a761944362
040 _cAL
041 _aeng
082 _a658.45
_223
_bCORJ
100 _aCORNELISSEN (Joep).
_977433
245 _aCorporate communications: theory and practice.
260 _aNew Delhi
_bSage Publications
_c2005
300 _a206
_bPB
365 _b2224
_cINR
906 _acommunicaion: ; communications: ; Corporate ; practice. ; theory
942 _2ddc
_cBK
999 _c155796
_d155796